| 000 | 00596nam a22001337a 4500 | ||
|---|---|---|---|
| 040 | _cRUA | ||
| 082 | _aLMA KHI 2013 B317 Or.1 | ||
| 100 | _aKHIM, PRATHNA. | ||
| 245 | _aStudy on key foundations of land market in phnom penh, សិក្សាអំពីមូលដ្ឋានគ្រឺះសំខាន់ៗដែលទីផ្សារដីធ្លីនៅរាជធានីភ្នំពេញ | ||
| 260 |
_aPhnom Penh _bRUA _c2013 |
||
| 300 |
_axi; 42p. _bill. _c29cm. |
||
| 856 | _uhttps://drive.google.com/file/d/1O18u8ldo7i4SK_Xe35nuc3cR9u-mqo49/view?usp=sharing | ||
| 942 | _cLMA | ||
| 999 |
_c5610 _d5610 |
||